| 000 -CABECERA |
| Longitud fija campo de control |
00621nam a2200193 a 4500 |
| 001 - NÚMERO DE CONTROL |
| Número de control |
5369 |
| 003 - IDENTIFICADOR DEL NÚMERO DE CONTROL |
| Identificador del número de control |
CDMR |
| 005 - FECHA Y HORA DE LA ÚLTIMA TRANSACCIÓN |
| Fecha y hora de la última transacción |
20151022114202.0 |
| 008 - CÓDIGOS DE INFORMACIÓN DE LONGITUD FIJA |
| Códigos de información de longitud fija |
130130s1980||||||||||||||||||||||||||||d |
| 040 ## - FUENTE DE LA CATALOGACIÓN |
| Centro catalogador de origen |
CDMR |
| Lengua de catalogación |
cat |
| Centro transcriptor |
CDMR |
| 245 #0 - MENCIÓN DE TÍTULO |
| Título |
Organisations internationales et regionales de journalistes |
| 260 ## - PUBLICACIÓN, DISTRIBUCIÓN, ETC. (PIE DE IMPRENTA) |
| Lugar de publicación, distribución, etc. |
Prague |
| Fecha de publicación, distribución, etc. |
1980 |
| Nombre del editor, distribuidor, etc. |
Organisation Internacionale des Journalistes |
| 300 ## - DESCRIPCIÓN FÍSICA |
| Extensión |
88 p. |
| 650 04 - PUNTO DE ACCESO ADICIONAL DE MATERIA - TÉRMINO DE MATERIA |
| 9 (RLIN) |
4317 |
| Término de materia o nombre geográfico como elemento inicial |
Associacions, institucions, etc. |
| Subdivisión de materia general |
Directoris |
| 650 04 - PUNTO DE ACCESO ADICIONAL DE MATERIA - TÉRMINO DE MATERIA |
| 9 (RLIN) |
216 |
| Término de materia o nombre geográfico como elemento inicial |
Associacions de professionals i tècnics |
| 710 2# - PUNTO DE ACCESO ADICIONAL - NOMBRE DE ENTIDAD |
| 9 (RLIN) |
2308 |
| Nombre de entidad o nombre de jurisdicción como elemento inicial |
International Organisation of Journalists |
| 710 2# - PUNTO DE ACCESO ADICIONAL - NOMBRE DE ENTIDAD |
| 9 (RLIN) |
1452 |
| Nombre de entidad o nombre de jurisdicción como elemento inicial |
Unesco |
| 942 ## - ENTRADA DE ELEMENTOS AGREGADOS (KOHA) |
| Koha [por defecto] tipo de item |
Monografies |
| Fuente de clasificaión o esquema |
|